000 00707nam a22002417a 4500
003 UA-OsUOA
001 30078
007 ta
008 20041103b un ||||| |||| 00| 0 ukr d
100 _aГеншорек В.
090 _a910.4(091)
_bГ34
942 _cBK
040 _aUA-OsUOA
_brus
_cUA-OsUOA
_dUA-OsUOA
245 _a20000 километров по Сахаре и Судану. Жизнь и дела Генриха Барта, пионера в исследовании Африки
300 _a160 с.
_bІлюстрації
955 _a0
041 _arus
080 _a910.4(091)
260 _aМосква
_bНаука
_c1985
044 _aRU
650 7 _2UDC
999 _c316485
_d316485